SAT subject test : (Record no. 14407)
[ view plain ]
| 000 -LEADER | |
|---|---|
| fixed length control field | 00645nam a22001817a 4500 |
| 008 - FIXED-LENGTH DATA ELEMENTS--GENERAL INFORMATION | |
| fixed length control field | 190917b ||||| |||| 00| 0 eng d |
| 082 ## - DEWEY DECIMAL CLASSIFICATION NUMBER | |
| Edition number | 2019 |
| Classification number | DC 807.622 |
| Item number | M929 |
| 100 ## - MAIN ENTRY--PERSONAL NAME | |
| Personal name | Muntone, Stephanie |
| 9 (RLIN) | 39719 |
| 245 ## - TITLE STATEMENT | |
| Title | SAT subject test : |
| Remainder of title | Literature/ |
| Statement of responsibility, etc. | Stephanie Muntone |
| 250 ## - EDITION STATEMENT | |
| Edition statement | 4th ed. |
| 260 ## - PUBLICATION, DISTRIBUTION, ETC. (IMPRINT) | |
| Place of publication, distribution, etc. | New York: |
| Name of publisher, distributor, etc. | McGraw-Hill Education, |
| Date of publication, distribution, etc. | ©2019. |
| 300 ## - PHYSICAL DESCRIPTION | |
| Extent | v, 319 pages; |
| Other physical details | 27 cm. |
| 440 ## - SERIES STATEMENT/ADDED ENTRY--TITLE | |
| Title | McGraw-Hill Education |
| 9 (RLIN) | 39720 |
| 650 ## - SUBJECT ADDED ENTRY--TOPICAL TERM | |
| Topical term or geographic name as entry element | Literature -- Examinations -- Study guides. |
| 9 (RLIN) | 39721 |
| 650 ## - SUBJECT ADDED ENTRY--TOPICAL TERM | |
| Topical term or geographic name as entry element | Literature -- Examinations, questions, etc. |
| 9 (RLIN) | 39722 |
| 650 ## - SUBJECT ADDED ENTRY--TOPICAL TERM | |
| Topical term or geographic name as entry element | SAT (Educational test) -- Study guides. |
| 9 (RLIN) | 39723 |
| 942 ## - ADDED ENTRY ELEMENTS (KOHA) | |
| Source of classification or shelving scheme | Dewey Decimal Classification |
| Koha item type | Circulation |
| Withdrawn status | Lost status | Source of classification or shelving scheme | Damaged status | Not for loan | Collection code | Home library | Current library | Shelving location | Date acquired | Source of acquisition | Total Checkouts | Full call number | Barcode | Date last seen | Date last checked out | Cost, replacement price | Price effective from | Koha item type |
|---|---|---|---|---|---|---|---|---|---|---|---|---|---|---|---|---|---|---|
| Dewey Decimal Classification | Circulation | UM Digos College - LIC | UM Digos College - LIC | Book Cart | 08/08/2019 | Purchase | 2 | DC 807.622 M929 2019 | 25619 | 05/15/2025 | 05/10/2023 | 1242.00 | 09/17/2019 | Circulation |
